[Event "IECG QN.1999.0.00053"]
[Site "IECG email"]
[Date "1999.03.25"]
[Round "?"]
[White "Canivet, Bruce"]
[Black "Garcia, Gaetan"]
[Result "1-0"]
[WhiteElo "800"]
[BlackElo "800"]
[PlyCount "71"]
[EventDate "1999.03.25"]
[EventType "tourn (corr)"]
[EventRounds "6"]
[SourceTitle "Corr 2008"]
[Source "ChessBase"]
[SourceDate "2008.06.24"]
[SourceVersion "1"]
[SourceVersionDate "2008.06.24"]
[SourceQuality "1"]

1. e4 d6 2. d4 Nf6 3. Nc3 Nbd7 4. Bc4 e5 5. Nf3 Be7 6. 0-0 c6 7. Be3 h6 8. h3 Qc7 9. a4 Nf8 10. Nh4 exd4 11. Bxd4 Ne6 12. Nf5 Nxd4 13. Nxd4 0-0 14. Re1 c5 15. Nf5 Bxf5 16. exf5 a6 17. Bd5 Rae8 18. Qf3 Nxd5 19. Nxd5 Qd8 20. Re4 Bg5 21. Rae1 Rxe4 22. Qxe4 b5 23. c3 Qd7 24. h4 Bd8 25. axb5 axb5 26. b3 Kh8 27. g3 f6 28. Nf4 Kh7 29. Qe6 Qxe6 30. fxe6 Re8 31. Nd5 Be7 32. Ra1 Kg8 33. Ra7 Kf8 34. f4 c4 35. bxc4 bxc4 36. f5 1-0